| 000 | 00528nam a2200181 a 4500 | ||
|---|---|---|---|
| 005 | 20210223130346.0 | ||
| 008 | 080122s1997 pr r 000 0 spa d | ||
| 020 | _a0847702995 | ||
| 035 | _aUPN01000153867 | ||
| 049 | _aCG | ||
| 050 | 4 |
_aPQ7390 B4.5 _bA5.7 |
|
| 100 | 1 |
_aBenítez Rojo, Antonio, _d1931-2005 _942492 |
|
| 245 | 1 | 0 |
_aAntología personal / _cAntonio Benítez Rojo. |
| 260 |
_aSan Juan Puerto Rico : _bUniversidad de Puerto Rico, _c1997. |
||
| 300 | _a247 p. | ||
| 650 | 4 |
_aCUENTOS CUBANOS _95073 |
|
| 905 | _aLibro | ||
| 999 |
_c125988 _d125988 |
||